01030nam a22001337a 4500003000500000005001700005020002200022082001700044100004400061245020900105260004700314300002100361505051400382NUST20221007101133.0 a978-969-23497-0-3 a683.422, MUH aMuhammad Adnan, Lieutenant General Syed aBlack Magic with Long Range Precision Rifle: bScience and Art of Cold Bore Accuracy at Unknown Distances/ cLieutenant General Syed Muhammad Adnan HI (M) 6If you miss a shot, there is got to be a reason aPakistan bSaeed Book Bank Islamabadc2021 axii, 470: pages  aLong Range Precision Rifle Shooting (Page-1), Long range Weapon System (Page-7), Long Range Ammunition (Page-21), Long Range Rifle (Page-61), Long Range Optical Sight (Page-93), Internal Ballistics (Page-141), External Ballistics (Page-173), Calculating Firing Solution (Page-263), Reloading Long Range Rifle Ammunition (Page-331), Long Range Rifle Maintenance Regime (Page-357), Range to the Target (Page-377), Essential Skills for Long Range Precision Rifle Fire (Page-399), Art of Sniping (Page-415).